JLL Central London market report (Record no. 105738)
[ view plain ]
| 000 -LEADER | |
|---|---|
| fixed length control field | 01147cam a2200229 4500 |
| 001 - CONTROL NUMBER | |
| control field | ##L134599 |
| 008 - FIXED-LENGTH DATA ELEMENTS--GENERAL INFORMATION | |
| fixed length control field | 060818n2006 000 0 eng u |
| 035 ## - SYSTEM CONTROL NUMBER | |
| System control number | (Sirsi) u134599 |
| 041 0# - LANGUAGE CODE | |
| Language code of text/sound track or separate title | eng |
| 050 04 - LIBRARY OF CONGRESS CALL NUMBER | |
| Classification number | 333.33016 $2 18 |
| 110 2# - MAIN ENTRY--CORPORATE NAME | |
| Corporate name or jurisdiction name as entry element | Jones Lang LaSalle |
| 9 (RLIN) | 3755 |
| 245 00 - TITLE STATEMENT | |
| Title | JLL Central London market report |
| Remainder of title | second quarter 2006 |
| 260 ## - PUBLICATION, DISTRIBUTION, ETC. | |
| Place of publication, distribution, etc. | London |
| Name of publisher, distributor, etc. | JLL |
| Date of publication, distribution, etc. | 2006 |
| 490 #0 - SERIES STATEMENT | |
| Series statement | JLL Central London Market Report |
| Volume/sequential designation | second quarter 2006 |
| 520 ## - SUMMARY, ETC. | |
| Summary, etc. | Reports a record quarter for City investment, with £1.35bn more traded in the first half of 2006 than the first half of 2005. In the leasing market, take-up was robust with pre-letting activity particularly significant in the West End. Supply remained relatively stable, and rental growth continues, with prime rents increasing in the West End. Tables and graphs. |
| 590 ## - LOCAL NOTE (RLIN) | |
| Local note | IKA220806 |
| 650 24 - SUBJECT ADDED ENTRY--TOPICAL TERM | |
| Topical term or geographic name entry element | JLL CENTRAL LONDON MARKET REPORT |
| 651 #4 - SUBJECT ADDED ENTRY--GEOGRAPHIC NAME | |
| Geographic name | CENTRAL LONDON |
| 690 ## - LOCAL SUBJECT ADDED ENTRY--TOPICAL TERM (OCLC, RLIN) | |
| Topical term or geographic name as entry element | PROPERTY-COMMERCIAL PROPERTY-COMMERCIAL PROPERTY MARKET |
| 856 40 - ELECTRONIC LOCATION AND ACCESS | |
| Uniform Resource Identifier | <a href="https://www.joneslanglasalle.co.uk/">https://www.joneslanglasalle.co.uk/</a> |
| Public note | View the item free of charge (registration required) at www.joneslanglasalle.co.uk... |
| 942 ## - ADDED ENTRY ELEMENTS (KOHA) | |
| Suppress in OPAC | 0 |
| Withdrawn status | Lost status | Source of classification or shelving scheme | Damaged status | Not for loan | Home library | Current library | Shelving location | Date acquired | Total Checkouts | Full call number | Barcode | Date last seen | Copy number | Price effective from | Koha item type |
|---|---|---|---|---|---|---|---|---|---|---|---|---|---|---|---|
| Dewey Decimal Classification | Virtual | Virtual | Online | 18/08/2006 | ONLINE PUBLICATION | 134599-1001 | 06/08/2019 | 1 | 06/08/2019 | Book |